000 00509nam a2200157 4500
008 161006b xxu||||| |||| 00| 0 eng d
022 _a0893-8989
082 _aDPer 363.205 P75 Aug 2014- Apr 2015 v. 38-39
100 _915720
_aClark, Mark
245 _aCombined response/
_cMark Clark.
260 _aCalifornia:
_bBobit Business Media,
_cc2014-2015.
300 _av38 n8, pages 46-51;
_c28 cm.
500 _aPolice: The Law Enforcement Magazine
650 0 _915721
_aPolice
_xTraining
942 _2ddc
_cPER
999 _c5019
_d5019